|
|
|
|
| LEADER |
00000nam a22000007a 4500 |
| 005 |
20171122194339.0 |
| 007 |
cr|||| |||| |
| 008 |
171122s20109999ck |||| s|||| 0|||b1spa d |
| 035 |
|
|
|a 20738
|
| 040 |
|
|
|a vLex
|
| 090 |
|
|
|c 7243
|d 7243
|
| 245 |
0 |
0 |
|a Revista Temas Socio-Jurd̕icos
|h [Recurso electrn̤ico]
|
| 256 |
|
|
|a Servicio en ln̕ea
|
| 260 |
|
|
|a Santander (Colombia)
|b Universidad Autn̤oma de Bucaramanga,
|c 2017
|
| 300 |
|
|
|a 1 recurso electrn̤ico
|
| 310 |
|
|
|a Semestral
|
| 506 |
1 |
|
|a Disponible solo en los productos indicados
|d vLex Global
|d vLex Global (Academic Edition, excluding Law Schools)
|d vLex Global (U.S. Academic Edition, Law Schools)
|d vLex Global (U.S. Academic Edition, excluding Law Schools)
|d vLex Global (Academic Edition, Law Schools)
|
| 650 |
0 |
4 |
|a Derecho civil
|z Colombia
|
| 650 |
0 |
4 |
|a Derecho Mercantil
|z Colombia
|
| 650 |
0 |
4 |
|a Derecho Laboral
|z Colombia
|
| 650 |
0 |
4 |
|a Derecho Penal
|z Colombia
|
| 740 |
0 |
|
|a vLex Revistas (Servicio en ln̕ea)
|
| 856 |
4 |
0 |
|u http://vlex.com/source/revista-temas-socio-juridicos-20738/
|z Acceso restringido
|
| 942 |
|
|
|c REV
|
| 999 |
0 |
|
|a Civil law
|
| 999 |
0 |
|
|a Commercial law
|
| 999 |
0 |
|
|a Labor laws and legislation
|